[Event "EU-ch Online U2300 Qual"]
[Site "Chess.com INT"]
[Date "2020.05.25"]
[Round "2"]
[White "Kabadayi, Can"]
[Black "Shishigin, Dmitry"]
[Result "0-1"]
[WhiteElo "2176"]
[BlackElo "2219"]
[PlyCount "82"]
[EventDate "2020.05.25"]
[EventType "swiss"]
[EventRounds "8"]
[EventCountry "NET"]
[SourceTitle "EXT 2021"]
[Source "ChessBase"]
[SourceDate "2020.10.23"]
[SourceVersion "1"]
[SourceVersionDate "2020.10.23"]
[SourceQuality "1"]

1. d4 Nf6 2. c4 e6 3. g3 d5 4. Bg2 dxc4 5. Nf3 Bb4+ 6. Bd2 a5 7. Qc2 Bxd2+ 8. Nbxd2 b5 9. a4 c6 10. Ne5 Ra6 11. e3 Nd5 12. 0-0 f6 13. Nef3 0-0 14. Ne4 Qe7 15. Nc5 Ra7 16. Nd2 Nd7 17. Nde4 N7b6 18. h4 e5 19. dxe5 Qxe5 20. Qd2 b4 21. f4 Qe7 22. f5 Qe5 23. g4 Re7 24. Rae1 Rfe8 25. Rd1 c3 26. bxc3 Nxc3 27. Rc1 Nbd5 28. Nxc3 bxc3 29. Bxd5+ cxd5 30. Rxc3 h5 31. gxh5 Bxf5 32. Rb3 Bh3 33. Rf3 Bg4 34. Rf4 Bxh5 35. Qxa5 d4 36. Rxd4 Qg3+ 37. Kf1 Bf3 38. Qd2 Qh3+ 39. Ke1 Qh1+ 40. Kf2 Qg2+ 41. Ke1 Qg1# 0-1

[Event "SWE-chT 1920 Elite"]
[Site "Sweden"]
[Date "2020.02.01"]
[Round "5.2"]
[White "Kabadayi, Can"]
[Black "Ornstein, Axel"]
[Result "1-0"]
[WhiteElo "2194"]
[BlackElo "2297"]
[PlyCount "63"]
[EventDate "2019.10.18"]
[EventType "team-tourn"]
[EventRounds "9"]
[EventCountry "SWE"]
[SourceTitle "CBM 194 Extra"]
[Source "ChessBase"]
[SourceDate "2020.03.31"]
[SourceVersion "1"]
[SourceVersionDate "2020.03.31"]
[SourceQuality "1"]
[WhiteTeam "Limhamn"]
[BlackTeam "Eksjo"]
[WhiteTeamCountry "SWE"]
[BlackTeamCountry "SWE"]

1. d4 Nf6 2. c4 e6 3. g3 c5 4. d5 exd5 5. cxd5 d6 6. Nc3 g6 7. Bg2 Bg7 8. Nf3 0-0 9. 0-0 a6 10. a4 Re8 11. Bf4 Ne4 12. Nxe4 Rxe4 13. Nd2 Rb4 14. b3 Bxa1 15. Qxa1 Rxf4 16. gxf4 Nd7 17. Ne4 Qe7 18. Rd1 f5 19. Ng5 Nf6 20. Rd3 Bd7 21. Re3 Qf8 22. Ne6 Bxe6 23. dxe6 Qe7 24. Bxb7 Rb8 25. Bxa6 d5 26. Qe5 Rb6 27. Bb5 Ng4 28. Qxd5 Rd6 29. Qf3 Nxe3 30. Qxe3 Rd4 31. Bc4 Re4 32. Qd2 1-0

[Event "Vaxjo op"]
[Site "Vaxjo"]
[Date "2018.02.09"]
[Round "3"]
[White "Hillarp Persson, Tiger"]
[Black "Kabadayi, Can"]
[Result "1-0"]
[WhiteElo "2543"]
[BlackElo "2172"]
[PlyCount "114"]
[EventDate "2018.02.09"]
[EventType "swiss"]
[EventRounds "8"]
[EventCountry "SWE"]
[SourceTitle "CBM 182 Extra"]
[Source "ChessBase"]
[SourceDate "2018.02.23"]
[SourceVersion "1"]
[SourceVersionDate "2018.02.23"]
[SourceQuality "1"]

1. c4 c5 2. g3 g6 3. Bg2 Bg7 4. Nc3 Nc6 5. Nf3 e6 6. d3 Nge7 7. h4 d5 8. Bd2 b6 9. h5 Bb7 10. cxd5 Nxd5 11. Qa4 Qd7 12. Nxd5 exd5 13. 0-0-0 Nd4 14. Qxd7+ Kxd7 15. Nxd4 Bxd4 16. Bc3 Bxc3 17. bxc3 g5 18. h6 Rhe8 19. Kd2 Kd6 20. Rh5 f6 21. f4 gxf4 22. gxf4 Rg8 23. Bf3 Bc6 24. Rdh1 Rg6 25. Ke3 Re8+ 26. Kf2 d4 27. cxd4 cxd4 28. Bxc6 Kxc6 29. Rc1+ Kb7 30. Rc4 Rd8 31. a4 Rg4 32. Kf3 Rg1 33. Rh2 Rf1+ 34. Rf2 Rh1 35. Ke4 Rxh6 36. Rxd4 Rxd4+ 37. Kxd4 Rh5 38. f5 Kc6 39. e4 Rh1 40. Rc2+ Kd6 41. Rc8 Ra1 42. Re8 Rxa4+ 43. Ke3 Ra1 44. Re6+ Kd7 45. Rxf6 b5 46. e5 b4 47. Rd6+ Ke7 48. f6+ Kf7 49. Rd7+ Ke6 50. Re7+ Kd5 51. f7 Rf1 52. Kd2 a5 53. e6 a4 54. Re8 b3 55. f8Q Rxf8 56. Rxf8 Kxe6 57. Kc3 Kd5 1-0

[Event "Malmo op"]
[Site "Malmo"]
[Date "2017.12.16"]
[Round "5"]
[White "Lindberg, Bengt"]
[Black "Kabadayi, Can"]
[Result "1-0"]
[WhiteElo "2379"]
[BlackElo "2152"]
[PlyCount "146"]
[EventDate "2017.12.15"]
[EventType "swiss"]
[EventRounds "8"]
[EventCountry "SWE"]
[SourceTitle "CBM 182 Extra"]
[Source "ChessBase"]
[SourceDate "2018.02.23"]
[SourceVersion "1"]
[SourceVersionDate "2018.02.23"]
[SourceQuality "1"]

1. e4 e5 2. Nf3 Nc6 3. Bb5 a6 4. Ba4 Nf6 5. 0-0 Be7 6. Re1 b5 7. Bb3 d6 8. c3 0-0 9. h3 Nb8 10. d4 Nbd7 11. Nbd2 Bb7 12. Bc2 Re8 13. a4 exd4 14. cxd4 c5 15. e5 dxe5 16. dxe5 Nd5 17. Ne4 Qc7 18. Neg5 Nf8 19. Bd2 b4 20. Rc1 Rad8 21. Qe2 h6 22. Ne4 Ne6 23. g3 Qb8 24. Bb3 Qa8 25. a5 Bc6 26. Rcd1 Bb5 27. Bc4 Ndc7 28. b3 Bc6 29. Bd3 Nb5 30. Qe3 Nbd4 31. Nxd4 Rxd4 32. f3 Red8 33. Bc2 Qb8 34. f4 Qa8 35. h4 Nc7 36. f5 Nd5 37. Qf2 Bf8 38. f6 Qc8 39. fxg7 Bxg7 40. Nd6 Qe6 41. Bf5 Qe7 42. Bh3 Bxe5 43. Nf5 Qf6 44. Bxh6 Rxd1 45. Rxd1 Nc3 46. Re1 Bd4 47. Nxd4 Qxf2+ 48. Kxf2 cxd4 49. Bg5 Re8 50. Rxe8+ Bxe8 51. Ke1 Bc6 52. Be7 Nd5 53. Bc5 Ne3 54. Kd2 f5 55. Bxd4 Ng4 56. Bf1 Bb7 57. Bc4+ Kh7 58. Bc5 Ne5 59. Be2 Nc6 60. Bb6 Kg6 61. Ke3 Ne7 62. Kd4 f4 63. gxf4 Nf5+ 64. Ke5 Nxh4 65. Bd3+ Kg7 66. f5 Nf3+ 67. Kf4 Nd2 68. Bd4+ Kf7 69. Be3 Nf3 70. Be2 Nh4 71. Bc4+ Ke8 72. Bc5 Nf3 73. f6 Bc8 1-0

[Event "Copenhagen Challenge"]
[Site "Ballerup"]
[Date "2016.04.23"]
[Round "7"]
[White "Kabadayi, Can"]
[Black "Sylvan, Jacob"]
[Result "0-1"]
[WhiteElo "2174"]
[BlackElo "2327"]
[PlyCount "70"]
[EventDate "2016.04.20"]
[EventType "swiss"]
[EventRounds "9"]
[EventCountry "DEN"]
[SourceTitle "CBM 172 Extra"]
[Source "ChessBase"]
[SourceDate "2016.06.21"]
[SourceVersion "1"]
[SourceVersionDate "2016.06.21"]
[SourceQuality "1"]

1. Nf3 Nf6 2. c4 g6 3. g3 Bg7 4. Bg2 0-0 5. 0-0 d6 6. d4 c6 7. Nc3 Qa5 8. e4 e5 9. d5 cxd5 10. cxd5 b5 11. Nd2 b4 12. Ne2 Nbd7 13. Nb3 Qb5 14. Re1 a5 15. a4 Qb8 16. h3 Nb6 17. f4 Nc4 18. fxe5 Nxe5 19. Ned4 Bd7 20. Bf1 Qd8 21. Kh2 Nh5 22. Be3 Rc8 23. Nb5 f5 24. exf5 Bxf5 25. N3d4 Be4 26. Be2 Bxd5 27. Rc1 Rxc1 28. Qxc1 Nxg3 29. Kxg3 Nd3 30. Bg5 Be5+ 31. Kh4 Nxc1 32. Bxd8 Nxe2 33. Rxe2 Rxd8 34. Rc2 Rf8 35. Nc6 Rf4+ 0-1